logo

Bir Sreshtho Munshi Abdur Rouf Library
Jhenaidah Cadet College

Chinese phrase book : (Record no. 12780)

MARC details
000 -LEADER
fixed length control field 00579nam a2200193 a 4500
001 - CONTROL NUMBER
JCCL Control Number 12780
003 - CONTROL NUMBER IDENTIFIER
JCCL marc code BD-JhCC
005 - DATE AND TIME OF LATEST TRANSACTION
control field 20230512193536.0
008 - FIXED-LENGTH DATA ELEMENTS--GENERAL INFORMATION
fixed length control field 230512s2019 ||| |||| |||| 000 0 eng d
035 ## - SYSTEM CONTROL NUMBER
system control number (BD-JhCC)12780
040 ## - CATALOGING SOURCE
Original cataloging agency BD-JhCC
Modifying agency BD-JhCC
041 ## - LANGUAGE CODE
Language code of Book eng
082 ## - DEWEY DECIMAL CLASSIFICATION NUMBER
Classification number 495.183421
Author mark and Year CHI 2019
110 ## - MAIN ENTRY--CORPORATE NAME
Corporate name or jurisdiction name as entry element Daily Language Learning
245 ## - TITLE STATEMENT
Title Chinese phrase book :
Remainder of title over 1000 essential mandarin phrase you don't want to be without on your trip to china /
Statement of responsibility, etc Daily Language Learning
300 ## - PHYSICAL DESCRIPTION
Pagination 146 p. :
Dimensions 22 cm.
650 ## - SUBJECT ADDED ENTRY--TOPICAL TERM
Topical term or geographic name as entry element Chinese language
942 ## - ADDED ENTRY ELEMENTS (KOHA)
Source of classification or shelving scheme Dewey Decimal Classification
Koha item type Books
Holdings
Source of classification or shelving scheme Damaged status Not for loan Home library Current library Shelving location Date of accession Cost, normal purchase price Total Checkouts Full call number Barcode Date last seen Copy number Method of acquisition Koha item type Currency
Dewey Decimal Classification     JCC Rouf Library JCC Rouf Library General Stacks 05/12/2023 2427.00   495.183421 CHI 2019 16896 05/12/2023 C-1 Purchase Books BDT

JCC Library | Contacts | JCC Home

Last Update on 23 September 2017
Copyright @ 2017-2020 JCC Rouf Library
Rouf Library, Jhenidah Cadet College (JCC), Bangladesh